Girona FC Squad 2025-2026 - Statistics

General Stats
  • This quiz has been taken 146 times
    50 since last reset
  • The average score is 24 of 29
Answer Stats
# Position Nation Player % Correct
17 DF Netherlands Daley Blind
100%
1 GK Croatia Dominik Livaković
100%
22 GK Germany Marc-André ter Stegen
100%
13 GK Argentina Paulo Gazzaniga
100%
20 DF Belgium Axel Witsel
97%
6 MF Netherlands Donny van de Beek
97%
11 MF France Thomas Lemar
97%
18 MF Morocco Azzedine Ounahi
94%
19 FW Ukraine Vladyslav Vanat
94%
23 MF Spain Iván Martín
90%
- Coach Spain Míchel
90%
12 DF Brazil Vitor Reis
90%
4 DF Spain Arnau Martínez
87%
7 FW Uruguay Cristhian Stuani
87%
15 FW Ukraine Viktor Tsygankov
87%
10 FW Colombia Yáser Asprilla
87%
14 MF Argentina Claudio Echeverri
84%
8 MF Spain Fran Beltrán
84%
9 FW Spain Abel Ruiz
77%
5 DF Spain David López
77%
22 MF Colombia Jhon Solís
77%
21 FW Spain Bryan Gil
74%
8 FW Spain Portu
71%
24 DF Spain Álex Moreno
61%
2 DF Spain Hugo Rincón
61%
16 DF Spain Alejandro Francés
58%
1 GK Spain Rubén Blanco
58%
3 FW Spain Joel Roca
52%
25 GK Ukraine Vladyslav Krapyvtsov
19%
No matching quizzes found
Score Distribution
Percent of People with Each Score
Percentile by Number Answered
Your Score History
You have not taken this quiz since the last reset